| 000 | 004830000a22001810004500 | ||
|---|---|---|---|
| 003 | LK-CoMWRAF | ||
| 005 | 20231120150935.0 | ||
| 008 | 230817t1995 ||||| |||| 00| 0 eng d | ||
| 020 | _a9559052314 | ||
| 040 |
_aLK-CoMWRAF _dLK-CoMWRAF _eLK-CoMWRAF |
||
| 041 | _aeng | ||
| 082 |
_a305.42 _bFAC |
||
| 245 |
_aFacets of Change: _bWomen in Sri Lanka 1986-1995 |
||
| 260 |
_aColombo: _bCentre for Women's Research, _c1995 |
||
| 300 | _a419 p. | ||
| 650 | _aWOMEN-Sri Lanka | ||
| 942 | _cBK | ||
| 999 |
_c1653 _d1653 |
||